000 00513nmm a2200169Ia 4500
008 251105s9999||||xx |||||||||||||||||und||
020 _a9789586487054
041 _aspa
100 _aMartinez Herrera, Horacio
245 0 _aResponsabilidad social y ética empresarial
264 _a[Bogotá, Colombia] :
_bEcoe Ediciones,
_c2011
300 _a214 páginas
490 _aCiencias Administrativas
650 _aEconomics and Business
856 _uhttps://public.digitaliapublishing.com/a/30039
942 _cCF
999 _c95333
_d95333